El carnaval en el barrio del Alto = (Registro nro. 49830)
[ vista simple ]
| 000 -LEADER | |
|---|---|
| fixed length control field | 01248cam a2200313 i 4500 |
| 001 - CONTROL NUMBER | |
| control field | 49830 |
| 003 - CONTROL NUMBER IDENTIFIER | |
| control field | Mx-PuUPA |
| 005 - DATE AND TIME OF LATEST TRANSACTION | |
| control field | 20230522100956.0 |
| 008 - FIXED-LENGTH DATA ELEMENTS--GENERAL INFORMATION | |
| fixed length control field | 140415s2011 mx a r 000 0 mul d |
| 020 ## - INTERNATIONAL STANDARD BOOK NUMBER | |
| International Standard Book Number | 9786079529512 |
| 040 ## - CATALOGING SOURCE | |
| Original cataloging agency | MX-PuUPA |
| Language of cataloging | spa |
| Description conventions | rda |
| Transcribing agency | Mx-PuUPA |
| Modifying agency | Mx-PuUPA |
| 041 1# - LANGUAGE CODE | |
| Language code of text/sound track or separate title | spa |
| -- | eng |
| 100 1# - MAIN ENTRY--PERSONAL NAME | |
| Personal name | Méndez Hernández, José Abraham, |
| Relator term | autor |
| 9 (RLIN) | 6480 |
| 245 13 - TITLE STATEMENT | |
| Title | El carnaval en el barrio del Alto = |
| Remainder of title | The carnival in "El Alto" neighborhood / |
| Statement of responsibility, etc. | José Abraham Méndez Hernández ; traducción al inglés, Jacqueline Lucila Méndez Hernández. |
| 246 31 - VARYING FORM OF TITLE | |
| Title proper/short title | The carnival in "El Alto" neighborhood. |
| 250 ## - EDITION STATEMENT | |
| Edition statement | Primera edición |
| 264 #1 - PRODUCTION, PUBLICATION, DISTRIBUTION, MANUFACTURE, AND COPYRIGHT NOTICE | |
| Place of production, publication, distribution, manufacture | Puebla, México : |
| Name of producer, publisher, distributor, manufacturer | Grupo Editorial y Digital el Puente, |
| Date of production, publication, distribution, manufacture, or copyright notice | 2011 |
| 300 ## - PHYSICAL DESCRIPTION | |
| Extent | 71 páginas : |
| Other physical details | ilustraciones (principalmente a color) ; |
| Dimensions | 23 cm. |
| 336 ## - CONTENT TYPE | |
| Content type term | texto |
| Fuente | rdacontent |
| Content type code | txt |
| 337 ## - MEDIA TYPE | |
| Media type term | sin medio |
| Source | rdamedia |
| Media type code | n |
| 338 ## - CARRIER TYPE | |
| Carrier type term | volumen |
| Source | rdacarrier |
| Carrier type code | nc |
| 546 ## - LANGUAGE NOTE | |
| Language note | Texto en español e inglés. |
| 650 #7 - SUBJECT ADDED ENTRY--TOPICAL TERM | |
| Topical term or geographic name entry element | Carnaval |
| General subdivision | Historia |
| Geographic subdivision | Puebla |
| Source of heading or term | armarc |
| 651 #4 - SUBJECT ADDED ENTRY--GEOGRAPHIC NAME | |
| Geographic name | Puebla |
| General subdivision | Vida social y costumbres |
| 700 1# - ADDED ENTRY--PERSONAL NAME | |
| Personal name | Méndez Hernández, Jacqueline Lucila, |
| Relator term | traductor |
| 942 ## - ADDED ENTRY ELEMENTS (KOHA) | |
| Source of classification or shelving scheme | Dewey Decimal Classification |
| Koha item type | Libro |
| Classification part | 394.25097248 |
| Item part | M534 |
| Withdrawn status | Lost status | Source of classification or shelving scheme | Damaged status | Not for loan | Collection code | Home library | Current library | Shelving location | Date acquired | Source of acquisition | Total Checkouts | Full call number | Barcode | Date last seen | Date last checked out | Copy number | Price effective from | Koha item type |
|---|---|---|---|---|---|---|---|---|---|---|---|---|---|---|---|---|---|---|
| Dewey Decimal Classification | General | Biblioteca Karol Wojtyla | Biblioteca Karol Wojtyla | Sala general | 17/03/2017 | Compra | 1 | 394.25097248 M534 2011 | 94370 | 05/01/2026 | 05/09/2023 | Ej.1 | 08/03/2018 | Libro | ||||
| Dewey Decimal Classification | Consulta en sala | Puebla | Biblioteca Karol Wojtyla | Biblioteca Karol Wojtyla | Área de silencio | 07/03/2018 | Compra | 394.25097248 M534 2011 | 48117 | 05/01/2026 | 07/03/2018 | Libro |